| 000 | 01339nam a2200253 i 4500 | ||
|---|---|---|---|
| 001 | 000038109 | ||
| 003 | DO-SdBNP | ||
| 005 | 20260305073951.0 | ||
| 007 | ta | ||
| 008 | 090701s1982 dr 001 0 spa d | ||
| 040 |
_aDO-SdBNP _bspa _cBNPHU _erda |
||
| 082 | 4 |
_bF745g _222 |
|
| 245 | 1 | 4 |
_aLos problemas del sector externo en la República Dominicana / _cedición Jeannette Canals |
| 264 |
_aSanto Domingo : _bAmigo del Hogar, _c1982. |
||
| 300 |
_a215 páginas ; _c22 cm. |
||
| 336 |
_2rdacontent _atexto _btxt |
||
| 337 |
_2rdamedia _asin mediación _bn |
||
| 338 |
_2rdacarrier _avolumen _bnc |
||
| 490 | 1 |
_aFORUM _v1 |
|
| 505 | 0 |
_aPresentación -- _tIntroducción / _rRafael Herrera -- _tEl estrangulamiento del sector externo : frente a las necesidades del desarrollo nacional / _rEduardo Tejera -- _gDebate -- _tLos obstáculos para las exportaciones / _rMirton Messina -- _gDebate. _tManejo y regulación de las importaciones / _rLuis A. Canela Bueno -- _gDebate-- _tDebate de la exportación acerca de la vinculación entre el comercio institucional con el desarrollo económico / _rRamón Pérez Minaya -- _tPerspectivas del sistema cambiario / _rBernardo Vega -- _tBreve resumen de las exportaciones presentadas en Villa del Mar. |
|
| 590 | _aInventariado, 2023/BT | ||
| 700 | 1 |
_aMoya Pons, Frank, _d1944- _eedición _92095 |
|
| 942 |
_2ddc _cLBS1 |
||
| 999 |
_c37599 _d37599 |
||